Stati per produzione di Uranio - Statistics

Statistiche generali
  • Questo quiz è stato fatto 10 volte
  • Il punteggio medio è 13 su 15
Statistiche sulle risposte
Produzione di uranio (tonnellate/anno) Continente Nazione % Corretto
4 192 Oceania Australia
100%
29 America del Sud Brasile
100%
4 693 America del Nord Canada
100%
615 Asia India
100%
2 635 Asia / Europa Russia
100%
8 America del Nord Stati Uniti
100%
21 819 Asia / Europa Kazakistan
89%
2 248 Africa Niger
89%
45 Asia Pakistan
89%
1 885 Asia Cina
78%
71 Asia Iran
78%
5 753 Africa Namibia
78%
455 Europa Ucraina
78%
3 500 Asia Uzbekistan
67%
385 Africa Sudafrica
44%
Nessun quiz corrispondente trovato
Distribuzione punteggi
Percentuale di utenti per punteggio
Percentile per numero di risposta
I tuoi punteggi nel tempo
Non hai fatto questo quiz